[Event "RSA-ch U14 Girls"]
[Site "Gauteng"]
[Date "2017.04.11"]
[Round "11"]
[White "Goncalves Dias, Amika"]
[Black "De Villiers, Lisa Marie"]
[Result "1-0"]
[WhiteElo "1216"]
[BlackElo "869"]
[PlyCount "69"]
[EventDate "2017.04.05"]
[EventType "swiss"]
[EventRounds "11"]
[EventCountry "RSA"]
[SourceTitle "CBM 177 Extra"]
[Source "ChessBase"]
[SourceDate "2017.04.27"]
[SourceVersion "1"]
[SourceVersionDate "2017.04.27"]
[SourceQuality "1"]

1. e4 c5 2. Nf3 Nc6 3. Bc4 e6 4. Nc3 d6 5. d3 Nf6 6. 0-0 e5 7. h3 Be6 8. Nd5 Be7 9. Re1 h6 10. a3 0-0 11. Qe2 Qd7 12. c3 a6 13. Nb6 Qc7 14. Nxa8 Rxa8 15. Bxe6 fxe6 16. b3 Rc8 17. Bb2 Qb6 18. Qd1 Nh5 19. d4 cxd4 20. cxd4 exd4 21. Nxd4 Ne5 22. Qxh5 Nd3 23. Red1 Nxb2 24. Rd2 e5 25. Nf3 Qxb3 26. Rb1 Qxa3 27. Rdxb2 Rb8 28. Qg6 Qc5 29. Qe6+ Kf8 30. Rxb7 Rxb7 31. Rxb7 Qc1+ 32. Kh2 Qf4+ 33. Kh1 Qf6 34. Qxf6+ Bxf6 35. Ra7 1-0

[Event "RSA-ch U14 Girls"]
[Site "Gauteng"]
[Date "2017.04.10"]
[Round "9"]
[White "Brugman, Ilse"]
[Black "Goncalves Dias, Amika"]
[Result "0-1"]
[WhiteElo "1237"]
[BlackElo "1216"]
[PlyCount "82"]
[EventDate "2017.04.05"]
[EventType "swiss"]
[EventRounds "11"]
[EventCountry "RSA"]
[SourceTitle "CBM 177 Extra"]
[Source "ChessBase"]
[SourceDate "2017.04.27"]
[SourceVersion "1"]
[SourceVersionDate "2017.04.27"]
[SourceQuality "1"]

1. e4 e5 2. Nf3 Nc6 3. Bb5 a6 4. Ba4 Nf6 5. Qe2 b5 6. Bb3 Be7 7. c3 d6 8. 0-0 0-0 9. Rd1 Be6 10. Bc2 d5 11. d3 d4 12. Nbd2 a5 13. a3 Bc5 14. Nb3 Bb6 15. cxd4 Nxd4 16. Nbxd4 Bxd4 17. Nxd4 Qxd4 18. Qe3 Qxe3 19. Bxe3 c5 20. Rac1 Rac8 21. f3 h6 22. Bb1 Nd7 23. Rc3 b4 24. axb4 cxb4 25. Rcc1 a4 26. d4 Bb3 27. Re1 exd4 28. Bxd4 f6 29. Kf2 g5 30. h3 Kf7 31. Ke2 Ke6 32. Kd2 Ne5 33. Bxe5 Kxe5 34. Ke3 a3 35. bxa3 bxa3 36. Rxc8 Rxc8 37. Re2 Rc1 38. Ba2 Bxa2 39. Rxa2 Rc3+ 40. Kd2 Kd4 41. g3 Rxf3 0-1

[Event "RSA-ch U14 Girls"]
[Site "Bloemfontein"]
[Date "2016.03.24"]
[Round "9"]
[White "Hartley, Charne"]
[Black "Goncalves Dias, Amika"]
[Result "1/2-1/2"]
[WhiteElo "1218"]
[BlackElo "1131"]
[PlyCount "54"]
[EventDate "2016.03.20"]
[EventType "swiss"]
[EventRounds "11"]
[EventCountry "RSA"]
[SourceTitle "CBM 171 Extra"]
[Source "ChessBase"]
[SourceDate "2016.04.26"]
[SourceVersion "1"]
[SourceVersionDate "2016.04.26"]
[SourceQuality "1"]

1. e4 e5 2. Nf3 Nc6 3. d4 exd4 4. Nxd4 Nf6 5. Nxc6 bxc6 6. Nc3 Bb4 7. Bd3 d6 8. 0-0 h6 9. Bd2 0-0 10. a3 Bc5 11. Na4 Bd4 12. Bc3 Bxc3 13. Nxc3 Re8 14. Re1 a5 15. e5 dxe5 16. Rxe5 Bg4 17. Rxe8+ Qxe8 18. f3 Bh5 19. g4 Bg6 20. Bxg6 fxg6 21. Qe1 Qd7 22. Rd1 Re8 23. Qd2 Qxd2 24. Rxd2 Kf7 25. Kf2 Re7 26. Re2 Nd5 27. Nxd5 cxd5 1/2-1/2

[Event "RSA-ch U14 Girls"]
[Site "Bloemfontein"]
[Date "2016.03.22"]
[Round "5"]
[White "Shaw, Laurie Ann"]
[Black "Goncalves Dias, Amika"]
[Result "1-0"]
[WhiteElo "1399"]
[BlackElo "1131"]
[PlyCount "91"]
[EventDate "2016.03.20"]
[EventType "swiss"]
[EventRounds "11"]
[EventCountry "RSA"]
[SourceTitle "CBM 171 Extra"]
[Source "ChessBase"]
[SourceDate "2016.04.26"]
[SourceVersion "1"]
[SourceVersionDate "2016.04.26"]
[SourceQuality "1"]

1. d4 d5 2. c4 Nf6 3. Nc3 Bf5 4. Bg5 dxc4 5. e3 e6 6. Bxc4 h6 7. Bh4 Bb4 8. Nf3 0-0 9. 0-0 Bg4 10. Be2 Be7 11. Ne5 Bxe2 12. Qxe2 Nbd7 13. Rfd1 Nd5 14. Bxe7 Nxc3 15. bxc3 Qxe7 16. Nc4 b6 17. Rab1 c6 18. Rdc1 e5 19. Rc2 Rfe8 20. Rcb2 exd4 21. cxd4 Nf6 22. Ne5 Rac8 23. Qf3 Qe6 24. Rc1 c5 25. Rbc2 cxd4 26. exd4 Rxc2 27. Rxc2 Rc8 28. Qb3 Rxc2 29. Qxc2 Qd5 30. Qc8+ Kh7 31. Qf5+ Kh8 32. Qc8+ Ng8 33. Qf5 f6 34. Ng6+ Kh7 35. Qxd5 Kxg6 36. Qxg8 a5 37. d5 Kf5 38. d6 Ke5 39. d7 g5 40. d8R f5 41. Qg7+ Ke6 42. Re8+ Kd6 43. Qe7+ Kc6 44. Qd8 Kb7 45. Qc8+ Ka7 46. Re7# 1-0

[Event "RSA-ch U12 Girls"]
[Site "Waterkloof"]
[Date "2015.04.04"]
[Round "1"]
[White "Bouwer, Dane"]
[Black "Goncalves Dias, Amika"]
[Result "0-1"]
[WhiteElo "982"]
[BlackElo "1146"]
[PlyCount "55"]
[EventDate "2015.04.04"]
[EventType "swiss"]
[EventRounds "9"]
[EventCountry "RSA"]
[SourceTitle "CBM 166 Extra"]
[Source "ChessBase"]
[SourceDate "2015.06.18"]
[SourceVersion "1"]
[SourceVersionDate "2015.06.18"]
[SourceQuality "1"]

1. e4 e5 2. Nf3 Nc6 3. Nc3 Nf6 4. Bc4 Bc5 5. d3 h6 6. 0-0 d6 7. h3 0-0 8. a3 a5 9. Qe2 Nd4 10. Nxd4 Bxd4 11. Nb5 Bb6 12. Nc3 Qe7 13. Nd5 Nxd5 14. Bxd5 c6 15. Bc4 Be6 16. Bxe6 Qxe6 17. Be3 Bxe3 18. Qxe3 d5 19. Rae1 d4 20. Qg3 Rfe8 21. c3 c5 22. f4 f6 23. f5 Qb3 24. Re2 dxc3 25. bxc3 Qxc3 26. Re3 Qd4 27. Rb1 Rab8 28. Rb6 0-1